Financial accounting

Tallennettuna:
Bibliografiset tiedot
Päätekijä: Libby, Robert
Aineistotyyppi: Kirja
Kieli:Undetermined
Julkaistu: Boston McGraw-Hill/Irwin 2004
Aiheet:
Tagit: Lisää tagi
Ei tageja, Lisää ensimmäinen tagi!
Thư viện lưu trữ: Trung tâm Học liệu Trường Đại học Cần Thơ
LEADER 00571nam a2200205Ia 4500
001 CTU_129967
008 210402s9999 xx 000 0 und d
020 |c 47.50 
082 |a 657 
082 |b L694 
100 |a Libby, Robert 
245 0 |a Financial accounting 
245 0 |c Robert Libby, Patricia A. Libby and Daniel G. Short 
260 |a Boston 
260 |b McGraw-Hill/Irwin 
260 |c 2004 
650 |a Financial statements,Accounting,Corporations 
650 |x Accounting 
904 |i Giang 
980 |a Trung tâm Học liệu Trường Đại học Cần Thơ